000 01135nam0a22003131 4500
001 2558265
005 20251118181718.7
021 _aRU
_b79-7589
035 _a(NLR Aleph) 006443941
090 _a5669550
_c5669550
100 _a20110316d1979 |||y0rusy50 ca
101 0 _arus
_afre
102 _aRU
105 _aa z |||||
200 1 _aЗапорожский дуб
_eФотобуклет
_fАвт.-сост. В.А. Тилина В.А., С.И. Хуповка
_gФото: О.К. Максимовского, Н.К. Плаксина
210 _aКиев
_cМистецтво
_d1979
215 _a[24] с.
_cил.
_d14
300 _aТекст парал. на рус. и фр. яз.
686 _aП382.11я61
_2rubbk
686 _aЕ5я9
_2rubbk
702 1 _aМаксимовский
_bО. К.
_gОлег Константинович
_4440
702 1 _aПлаксин
_bН. К.
_4440
702 1 _aХуповка
_bС. И.
_4220
702 1 _aТилина
_bВ. А.
_gВалентина Аркадьевна
_4220
801 0 _aRU
_bNLR
_gpsbo
801 1 _aRU
_bELAR
_2rusmarc
899 _aRuMoRGB
_jИЗО
942 _cBOOK
980 _aNB